Binding of Isaac Rebirth: All Bosses - Statistics

General Stats
  • This quiz has been taken 163 times
    155 since last reset
  • The average score is 55 of 121
Answer Stats
Location Answer % Correct
The Basement / Burning Basement Monstro
90%
Final Boss of Chapter 3 / 3.5 Mom
86%
Final Boss of Chapter 4 / Chapter 3.5 Mom's Heart
81%
Sheol Satan
81%
Final Boss of Chapter 6 Mega Satan
78%
The Chest Blue Baby
77%
Cathedral Isaac
77%
The Void Delirium
75%
Sin Greed
74%
Final Boss of the Corpse Mother
74%
Dark Room The Lamb
72%
Final Boss of Chapter 4 It Lives!
70%
The Basement / Burning Basement Larry Jr.
70%
Final Boss of Greed Mode Ultra Greed
70%
??? Hush
68%
Home Dogma
67%
Sin Lust
67%
Final Boss of the Game The Beast
67%
Universal in Chapter 3 War
67%
Universal in Chapter 4 Death
66%
Universal in Chapter 1 Famine
65%
Super Sin Super Greed
65%
The Basement / Burning Basement The Duke of Flies
63%
The Cellar Pin
62%
Sin Sloth
61%
Sin Gluttony
60%
Universal in Chapter 2 Pestilence
60%
Sin Pride
60%
Super Sin Super Lust
60%
Sin Wrath
60%
The Basement Gemini
59%
Devil Room Krampus
59%
The Depths / Dank Depths Loki
59%
The Caves / Flooded Caves Gurdy
58%
Ultra Harbinger Ultra Death
58%
Final Boss of Greedier Mode Ultra Greedier
58%
Ultra Harbinger Ultra War
58%
The Depths / Dank Depths Monstro II
57%
The Basement Steven
57%
Super Sin Super Gluttony
57%
Ultra Harbinger Ultra Famine
57%
Angel Room Gabriel
56%
Super Sin Super Sloth
56%
Super Sin Super Wrath
56%
Sin Envy
55%
Super Sin Super Pride
55%
Ultra Harbinger Ultra Pestilence
55%
Super Sin Super Envy
54%
Ultra Sin Ultra Pride
54%
The Cellar Widow
54%
The Caves / Flooded Caves Chub
52%
The Basement Dingle
49%
Universal in Chapter 2 Gurdy Jr.
49%
Mausoleum The Siren
49%
The Caves / Flooded Caves C.H.A.D.
47%
Angel Room Uriel
47%
Universal in Chapter 4 Conquest
46%
(Afterbirth) Universal in Chapter 1 Little Horn
46%
Necropolis / Universal in Chapter 4 The Bloat
46%
Universal from Chapter 1 to Chapter 4 The Fallen
46%
The Cellar / Burning Basement The Haunt
46%
Universal in Chapter 4 Daddy Long Legs
44%
The Caves / Flooded Caves Peep
44%
Downpour The Rainmaker
44%
(Repentance) Universal in Chapter 1 Baby Plum
43%
(Afterbirth+) Universal in Chapter 2 Big Horn
43%
The Depths / Dank Depths Gish
42%
The Basement Gurglings
42%
The Womb / Utero Lokii
42%
Universal of Chapter 4 Mama Gurdy
42%
The Catacombs The Hollow
39%
The Catacombs The Husk
38%
(Afterbirth) The Basement Turdlings
38%
Downpour / Dross Wormwood
37%
(Afterbirth) Universal in Chapter 1 Rag Man
35%
(Afterbirth) The Basement Dangle
34%
Universal from Chapter 1 to Chapter 4 The Headless Horseman
34%
Gehenna The Horny Boys
32%
The Cellar Blighted Ovum
31%
Dross Clog
31%
Universal in Chapter 2 Dark One
31%
Necropolis Mask of Infamy
31%
The Mines Great Gideon
30%
The Caves Mega Maw
30%
The Womb / Scarred Womb Scolex
30%
Universal in Chapter 3 The Adversary
30%
Dross Colostomia
29%
The Cellar Fistula
29%
The Caves Mega Fatty
29%
Downpour Min Min
29%
The Catacombs The Carrion Queen
29%
The Catacombs The Wretched
29%
(Afterbirth) Universal in Chapter 3 Brownie
28%
The Womb / Utero Mr. Fred
28%
The Corpse Rotgut
28%
Universal of Chapter 4 Teratoma
28%
The Depths The Cage
28%
The Depths / Necropolis The Gate
28%
(Repentance) Universal in Chapter 2 Bumbino
27%
(Afterbirth+) Universal in Chapter 2 Rag Mega
27%
The Mines Hornfel
26%
Downpour / Dross Lil Blub
26%
(Afterbirth) Universal in Chapter 2 The Forsaken
26%
(Afterbirth) Universal in Chapter 2 The Frail
26%
(Afterbirth+) Universal in Chapter 3 / Universal in Chapter 4 Sisters Vis
24%
(Afterbirth+) Universal of Chapter 4 The Matriarch
24%
Mausoleum The Heretic
23%
Dross Turdlet
23%
The Corpse Chimera
22%
The Ashpit Singe
22%
The Mines Tuff Twins
22%
The Ashpit Clutch
20%
(Afterbirth) Universal in Chapter 2 The Stain
20%
Universal in Chapter 4 Triachnid
20%
The Mines Reap Creep
19%
Universal in Chapter 4 Blastocyst
18%
The Ashpit The Shell
17%
The Catacombs Polycephalus
16%
The Ashpit / Depths / Mausoleum The Pile
16%
Gehenna The Visage
15%
The Corpse The Scourge
14%
No matching quizzes found
Score Distribution
Percent of People with Each Score
Percentile by Number Answered
Your Score History
You have not taken this quiz since the last reset